Villes/Pays #3 - Statistiques

Statistiques générales
  • Ce quiz a été pris 128 fois
  • Le résultat moyen est 12 sur 16
Statistiques - réponses
Villes Pays % Correct
La Havane Cuba
100%
Valence Espagne
97%
Hambourg Allemagne
94%
Buffalo États-Unis
93%
Anvers Belgique
90%
Cracovie Pologne
89%
Odessa Ukraine
81%
Amman Jordanie
78%
Izmir Turquie
78%
Khartoum Soudan
77%
Colombo Sri Lanka
75%
Belo Horizonte Brésil
71%
Accra Ghana
68%
Bichkek Kirghizistan
66%
Guayaquil Équateur
49%
Oufa Russie
31%
Aucun quiz correspondant
Distribution des résultats
% des personnes avec chaque résultat
Percentile par nombre de réponses
Votre historique - résultats
Vous n’avez pas pris ce quiz